000 01556nam a2200337 c 4500
999 _c136239
_d136239
003 BLK
005 20220713144801.0
008 180409b bul|||||r ||||||| ||bul||
010 _aKNG00142177000
040 _aBLK
041 _aBUL
_cBUL
080 _aРъчен труд
_b005:331.102-027.41
_z005:331.102-027.41
080 _aПредставяне на данните с числа, с букви, с кодови системи
_b681.3.04
_z681.3.04
100 1 _aГатев, Гео Иванов
_eпърви автор
_9251907
139 _aГатев, Гео Иванов и др.
_bГ 25
245 1 0 _aМетоди, алгоритми и програми за моделиране и оптимизиране на производството
_cГео Иванов Гатев; съавт. Камен Димов Велев; съавт. Ценка В. Стойкова.
257 _aBGR
260 _aСофия
_bТехника
_c1973
300 _a284 с.
_bс табл., черт., 1 л. черт.
_c20 см
380 _a62
500 _a4 090 тир. - Библиогр. с. 280-282.
650 4 _aМодели и моделиране - приложение
_9325244
650 4 _aАвтоматизация на производството
_9266722
700 1 _aВелев, Камен Димов
_eсъавт.
_9369838
700 1 _aСтойкова, Ценка В.
_eсъавт.
_9325243
852 _aЦб 67849
856 4 _qpdf
856 4 _qpdf
942 _cKNG
_n0
_s1
944 _aCR
_c26.09.2016
_kГрета_Цуфелде
944 _aED
_c26.09.2016
_kГрета_Цуфелде
944 _aED
_c2022-07-13
_kХристина Везирева
999 _d136239